Abbott and another v Will Gannon and Smith Ltd (Record no. 74975)
[ view plain ]
| 000 -LEADER | |
|---|---|
| fixed length control field | 01362cab a2200205 4500 |
| 001 - CONTROL NUMBER | |
| control field | L129158 |
| 008 - FIXED-LENGTH DATA ELEMENTS--GENERAL INFORMATION | |
| fixed length control field | 050324n2005 000 0 eng u |
| 035 ## - SYSTEM CONTROL NUMBER | |
| System control number | (Sirsi) u129158 |
| 041 ## - LANGUAGE CODE | |
| Language code of text/sound track or separate title | eng |
| 245 ## - TITLE STATEMENT | |
| Title | Abbott and another v Will Gannon and Smith Ltd |
| 260 ## - PUBLICATION, DISTRIBUTION, ETC. | |
| Date of publication, distribution, etc. | 2005 |
| 520 ## - SUMMARY, ETC. | |
| Summary, etc. | [2005] EWCA (Civ) 198, 2 March 2005. Discusses whether the period of limitation begins when damage occurs or when the owners suffers economic loss. A appealed a decision that a claim bought by the respondent W in negligence was not statute barred. W had retained A to carry out remedial work on a large bay window. Four years later the lintel had moved and cracked the surrounding structure, leading to further works. W issued proceedings against A claiming cost of remedial works and consequential losses. The contract claim was statute barred. "Held": the appeal was dismissed. Pirelli General Cable Works Ltd v Oscar Faber and Partners (HL, [1983] 2 AC) upheld. |
| 590 ## - LOCAL NOTE (RLIN) | |
| Local note | ABS |
| 650 ## - SUBJECT ADDED ENTRY--TOPICAL TERM | |
| Topical term or geographic name entry element | MURPHY V BRENTWOOD DC |
| 650 ## - SUBJECT ADDED ENTRY--TOPICAL TERM | |
| Topical term or geographic name entry element | PIRELLI GENERAL CABLE WORKS LTD V OSCAR FABER AND PARTNERS |
| 650 ## - SUBJECT ADDED ENTRY--TOPICAL TERM | |
| Topical term or geographic name entry element | ABBOTT AND ANOTHER V WILL GANNON AND SMITH LTD |
| 690 ## - LOCAL SUBJECT ADDED ENTRY--TOPICAL TERM (OCLC, RLIN) | |
| Topical term or geographic name as entry element | BUILT ENVIRONMENT-CONSTRUCTION DESIGN-CONSTRUCTION SPECIFICATION |
| 856 ## - ELECTRONIC LOCATION AND ACCESS | |
| Uniform Resource Identifier | <a href="https://www.bailii.org/ew/cases/EWCA/Civ/2005/198.html">https://www.bailii.org/ew/cases/EWCA/Civ/2005/198.html</a> |
| Public note | View judgment free of charge at www.bailii.org... |
| 942 ## - ADDED ENTRY ELEMENTS (KOHA) | |
| Suppress in OPAC | 0 |
| Withdrawn status | Lost status | Source of classification or shelving scheme | Damaged status | Not for loan | Home library | Current library | Shelving location | Date acquired | Total Checkouts | Full call number | Barcode | Date last seen | Copy number | Price effective from | Koha item type |
|---|---|---|---|---|---|---|---|---|---|---|---|---|---|---|---|
| Dewey Decimal Classification | London | London | Journal article | 24/03/2005 | ABS68794 | 129158-1001 | 06/08/2019 | 1 | 06/08/2019 | Law report | |||||
| Dewey Decimal Classification | Virtual | Virtual | Online | 27/04/2005 | ONLINE PUBLICATION | 129158-2001 | 06/08/2019 | 1 | 06/08/2019 | Law report |